000 01105nas a2200361 4500
001 BR0000453
003 BR-BrBNA
005 20231205101642.0
007 ta
008 230509b bl.|||p| |||| 00| 00por d
040 _aBR-BrBNA
_bpor
_cBiblioteca Nacional de Agricultura
041 _a(Pt)
072 _aP33
100 1 _aOliveira, M.F.G.
100 1 _aNovais, R.F.
100 1 _aNeves, J.C.L.
100 1 _aVasconcellos, C.A.
100 1 _aAlves, V.M.C.
245 1 _aRelacao entre o zinco "disponivel", por diferentes extratores, e as fracoes de zinco em amostras de solo
650 _aLatossolo Vermelho Escuro
650 _aLatossolo Vermelho Amarelo
650 _aLatossolo Amarelo
650 _aPodzolico Vermelho Amarelo
650 _aAreia
650 _aZinco
650 _aMateria Organica
650 _aMicroelemento
650 _aFerro
650 _aOxido de Ferro
773 0 _tRevista Brasileira de Ciencia do Solo (Brazil)
_xISSN 00100-0683
_g(Oct-Dec 1999), v. 23(4) p. 827-836
_wBR0000453
909 _a202311
_bLúcia
_c55
_dLúcia Elande
942 _2AGRIS
_n0
_cANA
999 _c163050
_d163050